000 00629nam a2200133Ia 4500
008 170516s9999 xx 000 0 und d
245 4 _aThe aim of this study was to evaluate nurse practice guidelines for requesting X-rays in the Emergency Department setting and to utilise inter-professional learning and change management theory to promote practice improvements. This study outlines the adv
260 _bJournal of Medical Radiation Sciences
260 _c2016
300 _a63:4
650 _xRadiologic Technology
650 _xRadtech
856 _uhttp://onlinelibrary.wiley.com/doi/10.1002/jmrs.2016.63.issue-4/issuetoc
999 _c332873
_d332873